Giuseppe Arcimboldo, 1527-1593

Αποθηκεύτηκε σε:
Λεπτομέρειες βιβλιογραφικής εγγραφής
Κύριος συγγραφέας: Kriegeskorte, Werner
Μορφή: Βιβλίο
Γλώσσα:English
Δημοσίευση: Koln : Taschen, c2004
Σειρά:Basic art series
Θέματα:
Ετικέτες: Προσθήκη ετικέτας
Δεν υπάρχουν, Καταχωρήστε ετικέτα πρώτοι!

MARC

LEADER 00000nam a2200000 i 4500
001 1/77139
008 080311s2004 eng d
020 |a 3-8228-5993-1 
035 |l 10095344 
040 |a GR-MY-UA  |b gre  |e aacr 
041 1 |a eng 
082 0 |a 700.92  |2 (22) 
100 1 |a Kriegeskorte, Werner. 
245 1 0 |a Giuseppe Arcimboldo, 1527-1593 /  |c Werner Kriegeskorte 
246 3 4 |a Arcimboldo 
260 |a Koln :   |b Taschen,   |c c2004 
300 |a 79 σ.;  |b έγχρ. εικ.;  |c 23 εκ. 
490 1 |a Basic art series 
504 |a Βιβλιογραφία: σ. 79. 
600 1 0 |a Arcimboldo Giuseppe  |y 1527-1593  |x Themes, motives. 
650 0 0 |a Grotesque in art. 
650 0 0 |a Mannerism (Art)  |z Italy. 
830 0 |a Basic art series 
852 |a INST  |b SYROS  |e 20080311  |h 700.92 ARC  |p 005500006377  |q 005500006377  |t BK  |y 0 
901 |a BIBL5-2008-1 
909 |a Ε  |b 133605 
922 |a 5ΕΛΗ  |b 200709  |c ΒΙΒΛΙΟΘΗΚΗ ΣΥΡΟΥ  |d GLORYBOOK 
970 |a ΚΑΓΙΑΒΑ  |b ΕΙΡΗΝΗ  |z 2008/03/11